| 000 | 01249nam a22003130a 4500 | ||
|---|---|---|---|
| 001 | PT22583 | ||
| 003 | AR-LpoUNG | ||
| 005 | 20210201010600.0 | ||
| 008 | 201001s2005||||ag |||||||||||||||||spa d | ||
| 020 |
_a9871181272 _c$70 |
||
| 040 |
_aAR-LpoUNG _bspa _eaacr |
||
| 041 | _aspa | ||
| 044 | _aag | ||
| 082 | 0 | _a982.04 314ros | |
| 100 | 1 | _aGelman, Jorge | |
| 245 | 1 | 0 |
_aRosas, estanciero : _bgobierno y expansión ganadera |
| 250 | _a1º edición | ||
| 260 |
_aBuenos Aires : _bCapital intelectual, _c2005. |
||
| 300 |
_a95 p. : _bgráfs., tbls. _3Impreso |
||
| 490 | 0 |
_aClaves para todos ; _vno.23 |
|
| 520 | _aEl autor se detiene en aspectos poco difundidos del personaje y su época. Entre ellos las características de la expansión ganadera, la enorme dificultad que habia entonces para conseguir mano de obra entre indios y peones al borde de la rebelión, el complejo mundo de la estancia. En ese contexto emerge un Rosas pragmático, cuidadoso en el manejo personal de su cargo, un protagonista que supera con creces el arquetipo que de él se hizo. | ||
| 650 | 4 | _aANALISIS HISTORICO | |
| 650 | 4 | _aARGENTINA | |
| 650 | 4 | _aHISTORIA | |
| 650 | 4 | _aHISTORIA POLITICA | |
| 651 | 4 | _aArgentina | |
| 905 | _a22583 | ||
| 942 | _cLIB | ||
| 999 |
_c51915 _d51915 |
||